Europa Geographie Quiz #2 - Statistiken

Allgemein
  • Dieses Quiz wurde 13.369 mal gespielt
  • Das Durchschnittsergebnis liegt bei 12 aus 20
Antwortstatistiken
Frage Antwort % Korrekt
Welches Land ist neben der Vatikanstadt vollständig von Italien umgeben? San Marino
94%
Wie heißt die bevölkerungsreichste Stadt Europas, deren Name mit M startet? Moskau
81%
Auf welcher Insel befindet sich die Stadt Palma? Mallorca
80%
Welche europäische Hauptstadt ist ebenfalls ein häufiger weiblicher Vorname? Sofia
78%
Welche beiden größten europäischen Städte beginnen mit den Buchstaben 'Bel'? Belgrad
76%
In welchem Meer liegen der finnische und bottnische Meerbusen? Ostsee
76%
Welches Land befindet sich an der nördlichen Grenze Bulgariens? Rumänien
76%
Wie heißt die größte Stadt, die sowohl in Europa als auch in Asien Gebiet hat? Istanbul
75%
Das Viertel Saint-Germain-des-Prés liegt auf der „linken Seite“ welches Flusses? Seine
69%
In welcher niederländischen Stadt befindet sich der verkehrsreichste Hafen Europas? Rotterdam
66%
Welches Land ist Teil der EU, liegt geographisch jedoch näher an Asien und Afrika? Zypern
61%
Welches britische Territorium grenzt an Spanien? Gibraltar
59%
Welche Hauptstadt liegt nur 55 km westlich von Bratislava? Wien
57%
Welche Insel liegt nördlich von Sardinien? Korsika
54%
Wie heißt die nächste Großstadt der touristischen Stadt Pompeji? Neapel
54%
Welche beiden größten europäischen Städte beginnen mit den Buchstaben 'Bel'? Belfast
44%
Wie heißt Griechenlands höchster Berg? Olymp
44%
In welchen See fließt die Wolga? Kaspisches Meer
31%
Wie heißt der Golf zwischen Frankreich und Spanien? Golf von {Biskaya}
22%
Sie ist die zweitgrößte Stadt in Nordirland. Manche Leute nennen sie Derry. Wie nennen sie die anderen? Londonderry
17%
Keine übereinstimmenden Quizze gefunden
Verteilung der Resultate
Anzahl Personen mit jedem Resultat
Perzentil nach korrekt beantworteten Fragen
Ihre Resultats-Entwicklung
Sie haben dieses Quiz noch nicht gespielt